Cenicienta
Kaydedildi:
| Materyal Türü: | Kitap |
|---|---|
| Dil: | İspanyolca |
| Baskı/Yayın Bilgisi: |
Santiago
Joker
2001
|
| Seri Bilgileri: | Colección Clásicos Infantiles
|
| Konular: | |
| Etiketler: |
Etiketle
Etiket eklenmemiş, İlk siz ekleyin!
|
MARC
| LEADER | 00000nam a2200000 a 4500 | ||
|---|---|---|---|
| 001 | UCM5957 | ||
| 003 | CL-VaPUC | ||
| 005 | 20250313160052.0 | ||
| 008 | 021025e20010000CL |||||||||||||||||spa|d | ||
| 999 | |c 301625 |d 301623 | ||
| 040 | |c Pontificia Universidad Católica de Valparaíso | ||
| 082 | 0 | 4 | |a 808.068 |b CEN |2 21 |
| 245 | 1 | 0 | |a Cenicienta |
| 260 | |a Santiago |b Joker |c 2001 | ||
| 300 | |a pág. irreg | ||
| 490 | 0 | |a Colección Clásicos Infantiles | |
| 583 | |a last modification |c 20021025 00:00:00 |k Rodrigo Vera | ||
| 650 | 0 | |a Literatura infantil |9 308044 |x Cuentos | |
| 942 | |c BK |2 ddc | ||
| 945 | |d 20021025 00:00:00 |a vberengu | ||
| 952 | |0 0 |1 0 |4 0 |6 808_068000000000000_CEN_2001 |7 0 |8 A |9 360810 |a BIBEDU |b BIBEDU |d 2019-11-21 |i 384997K |o 808.068 CEN 2001 |p 384997K |r 2019-11-21 |w 2019-11-21 |y BK |k EPE | ||